000 00990cam a2200265 a 4500
001 13872516
005 20241204174854.0
008 050214s2006 nyuaa b 001 0 eng
020 _a0321330684 (pbk.)
050 0 0 _aPE1479.B87
_bS43 2006
082 0 0 _a808/.06665
_222
100 1 _aSearles, George J.
_q(George John),
_d1944-
245 1 0 _aWorkplace communications-- the basics /
_cGeorge J. Searles.
250 _a3rd ed.
260 _aNew York :
_bPearson Longman,
_cc2006.
300 _ax, 342 p. :
_bill. ;
_c24 cm.
650 0 _aEnglish language
_xBusiness English.
650 0 _aEnglish language
_xTechnical English.
650 0 _aBusiness writing
_vProblems, exercises, etc.
650 0 _aTechnical writing
_vProblems, exercises, etc.
650 0 _aBusiness communication
_vProblems, exercises, etc.
650 0 _aCommercial correspondence
_vProblems, exercises, etc.
856 4 1 _3Table of contents
_uhttp://www.loc.gov/catdir/toc/ecip057/2005004347.html
942 _2lcc
_cBK
_n0
999 _c1956
_d1956